000
00307nam a2200109Ia 4500
008
220204s9999 xx 000 0 und d
082
_a
5(058)
_b
CAL
245
0
_a
Yearbook of science and the future. 1976, 1977 and 1978
260
_a
Chicago
_b
Encyclopedia Britannica
700
_a
Calhoun, David
942
_c
BK
999
_c
25801
_d
25801